अंग्रेज़ी-हिंदी प्रशासनिक कोश / (Record no. 121407)

MARC details
000 -LEADER
fixed length control field 01087nam a22002537a 4500
005 - DATE AND TIME OF LATEST TRANSACTION
control field 20170124103214.0
010 ## - LIBRARY OF CONGRESS CONTROL NUMBER
LC control number B-082751
020 ## - INTERNATIONAL STANDARD BOOK NUMBER
Terms of availability 250.00
International Standard Book Number 8173151954
035 ## - SYSTEM CONTROL NUMBER
System control number B-082751
037 ## - SOURCE OF ACQUISITION
Source of stock number/acquisition Cen Lib/Ret
040 ## - CATALOGING SOURCE
Original cataloging agency DPL
Language of cataloging HN
082 ## - DEWEY DECIMAL CLASSIFICATION NUMBER
Classification number 350.003
Item number भाटिया
100 ## - MAIN ENTRY--PERSONAL NAME
Personal name भाटिया, कैलाशचंद्र
9 (RLIN) 42649
245 ## - TITLE STATEMENT
Title अंग्रेज़ी-हिंदी प्रशासनिक कोश /
Statement of responsibility, etc कैलाशचंद्र भाटिया
246 ## - VARYING FORM OF TITLE
Title proper/short title Angrezi-Hindi prashasnik kosh /
Remainder of title by Kailash Chandra Bhatia
260 ## - PUBLICATION, DISTRIBUTION, ETC. (IMPRINT)
Place of publication, distribution, etc नई दिल्ली
Name of publisher, distributor, etc प्रभात प्रकाशन
Date of publication, distribution, etc 2004
270 ## - ADDRESS
Address 4/19 असफ अली रोड
City नई दिल्ली
Postal code 110002
300 ## - PHYSICAL DESCRIPTION
Extent 222पृ.
Dimensions 21सेमी(सजिल्द)
650 ## - SUBJECT ADDED ENTRY--TOPICAL TERM
Topical term or geographic name as entry element हिंदी कोश
9 (RLIN) 97119
650 ## - SUBJECT ADDED ENTRY--TOPICAL TERM
Topical term or geographic name as entry element प्रशासनिक कोश
9 (RLIN) 45298
650 ## - SUBJECT ADDED ENTRY--TOPICAL TERM
Topical term or geographic name as entry element Hindi Dictionary
9 (RLIN) 97120
650 ## - SUBJECT ADDED ENTRY--TOPICAL TERM
Topical term or geographic name as entry element Administrative thesaurus
9 (RLIN) 97121
942 ## - ADDED ENTRY ELEMENTS (KOHA)
Source of classification or shelving scheme Dewey Decimal Classification
Koha item type Hindi Books
Classification part 350.003
Call number suffix भाटिया
Holdings
Withdrawn status Lost status Damaged status Not for loan Home library Current library Date acquired Source of acquisition Cost, normal purchase price Total Checkouts Full call number Barcode Date last seen Date checked out Copy number Cost, replacement price Price effective from Koha item type
        Central Library Central Library 06/10/2015 Cen Lib/Ret 250.00 1 350.003 भाटिया B-082751 28/12/2019 14/12/2019 1 250.00 06/10/2015 Hindi Books

© Delhi Public Library
Hit Counter
free hit counter